000 00807nam a2200229 i 4500
001 bg
245 0 0 _aZatoka Gdańska :
_bstan środowiska 1992 r. /
_cpod red. Lidii Kruk-Dowgiałło i Paulina Ciszewskiego ; Instytut Ochrony Środowiska.
260 _aWarszawa :
_bIOŚ,
_c1995.
300 _a101, [1] s., 16 s. tabl. :
_bmapy, wykr. ;
_c24 cm.
504 _aBibliogr., summ. przy pracach.
650 9 _aŚrodowisko człowieka
_xhigiena i ochrona
_zPolska
651 9 _aGdańska Zatoka
_xhigiena
_yod 1989 r.
700 1 _aKRUK-DOWGIAŁŁO, Lidia.
_eRed.
700 1 _aCISZEWSKI, Paulin.
_eRed.
020 _a8385805214
040 _cBPK
041 0 _apl
_ben
080 _a504.4.05:574.5](438:261.24)"1989/..."
920 _a83-85805-21-4
942 _cKS
008 s pl f |000 0 pol
999 _c32247
_d32247
856 _uhttp://koha.tu.koszalin.pl/cgi-bin/koha/opac-detail.pl?biblionumber=32247
_yKatalog online BPK